Loading...
| Literature - World | 1 | 3 | 0 | 0 | 45 | 65 | 86.00 | 1 | 3 | 15.82 | 25.00 |
| Social Science | 0 | 4 | 1 | 2 | 35 | 92 | 107.25 | 0 | 2 | 3.20 | 10.94 |
| Beliefs | 2 | 1 | 1 | 0 | 35 | 21 | 54.33 | 2 | 3 | 13.22 | 19.64 |
| Science - Biology | 1 | 2 | 1 | 0 | 30 | 43 | 67.00 | 0 | 3 | 13.27 | 22.50 |
| Science - Other | 0 | 3 | 1 | 0 | 25 | 98 | 102.33 | 0 | 1 | 5.58 | 10.00 |
| Literature - British | 1 | 1 | 0 | 0 | 25 | 58 | 73.50 | 1 | 2 | 9.40 | 15.00 |
| Literature - American | 1 | 1 | 0 | 0 | 25 | 76 | 82.00 | 2 | 2 | 8.75 | 20.00 |
| Science - Physics | 1 | 1 | 0 | 0 | 25 | 70 | 87.50 | 0 | 1 | 6.28 | 10.00 |
| Fine Arts - Other Arts | 1 | 1 | 0 | 0 | 25 | 74 | 101.00 | 1 | 2 | 5.00 | 15.00 |
| History - American | 1 | 1 | 0 | 0 | 25 | 29 | 65.50 | 2 | 2 | 10.05 | 17.50 |
| Science - Chemistry | 0 | 2 | 0 | 1 | 20 | 101 | 108.50 | 0 | 2 | 2.19 | 10.00 |
| History - World | 0 | 2 | 0 | 0 | 20 | 69 | 77.50 | 0 | 2 | 8.13 | 15.00 |
| History - Other | 1 | 0 | 0 | 0 | 15 | 68 | 68.00 | 1 | 1 | 9.46 | 20.00 |
| Philosophy | 0 | 2 | 1 | 0 | 15 | 77 | 86.00 | 0 | 2 | 6.07 | 12.50 |
| Geography | 1 | 0 | 0 | 0 | 15 | 29 | 29.00 | 1 | 1 | 19.89 | 25.00 |
| Visual Arts | 0 | 1 | 0 | 0 | 10 | 93 | 93.00 | 0 | 1 | 3.54 | 5.00 |
| Current Events | 0 | 1 | 0 | 0 | 10 | 93 | 93.00 | 0 | 1 | 8.53 | 25.00 |
| Other Academic | 0 | 1 | 0 | 0 | 10 | 93 | 93.00 | 0 | 1 | 6.14 | 16.67 |
| Auditory Arts | 0 | 1 | 0 | 0 | 10 | 114 | 114.00 | 0 | 0 | 1.56 | 2.50 |
| History - European | 0 | 0 | 1 | 0 | -5 | 0.00 | 0 | 0 | 0.00 | 0.00 |